Die 20 gefährlichsten Länder der Welt - Statistiken

Allgemein
  • Dieses Quiz wurde 970 mal gespielt
  • Das Durchschnittsergebnis liegt bei 9 aus 20
Antwortstatistiken
Global Piece Index Land % Korrekt
3.556 Irak
77%
3.567 Afghanistan
73%
3.814 Syrien
73%
3.047 Russland
64%
3.051 Pakistan
56%
2.967 Nordkorea
52%
3.387 Somalia
49%
3.061 Demokratische Republik Kongo
48%
2.777 Kolumbien
48%
3.412 Jemen
45%
2.707 Israel
43%
3.213 Sudan
42%
2.849 Nigeria
41%
2.777 Türkei
37%
3.184 Ukraine
37%
3.328 Libyen
36%
3.524 Südsudan
36%
2.782 Libanon
30%
3.213 Zentralafrikanische Republik
12%
2.774 Palästina
6%
Keine übereinstimmenden Quizze gefunden
Verteilung der Resultate
Anzahl Personen mit jedem Resultat
Perzentil nach korrekt beantworteten Fragen
Ihre Resultats-Entwicklung
Sie haben dieses Quiz noch nicht gespielt